Zdaňovanie príjmov športových odborníkov

Témou príspevku je aktuálna problematika zdaňovania príjmov športových odborníkov. Značnú pozornosť venujeme aj významným zmenám vyplývajúcim z jednej z noviel ZDP, zo zákona č. 128/2023 Z. z. s účinnosťou ešte v roku 2023, ale aj tým, že nový postup zdaňovania sa prvýkrát použije pri zdanení výnoso...

ver descrição completa

Na minha lista:
Detalhes bibliográficos
Autor principal: Jarinkovičová, Valéria
Formato: Capítulo de Livro
Assuntos:
Tags: Adicionar Tag
Sem tags, seja o primeiro a adicionar uma tag!

MARC

LEADER 00000naa a2200000 4500
001 0300010
005 20240417075311.8
044 |a SK 
245 1 0 |a Zdaňovanie príjmov športových odborníkov  |c Valéria Jarinkovičová 
520 |a Témou príspevku je aktuálna problematika zdaňovania príjmov športových odborníkov. Značnú pozornosť venujeme aj významným zmenám vyplývajúcim z jednej z noviel ZDP, zo zákona č. 128/2023 Z. z. s účinnosťou ešte v roku 2023, ale aj tým, že nový postup zdaňovania sa prvýkrát použije pri zdanení výnosov športového odborníka plynúceho od 1. januára 2024. 
610 2 0 |a obdobie zdaňovacie 
610 2 0 |a dane 
610 2 0 |a príjmy 
610 2 0 |a šport 
610 2 0 |a odbornosť 
100 1 |a Jarinkovičová, Valéria